[Event "2nd Serbia Open Masters 2022"]
[Site "Novi Sad"]
[Date "2022.07.06"]
[Round "9.15"]
[White "Urazayev, Arystanbek"]
[Black "Perunovic, Milos"]
[Result "0-1"]
[WhiteElo "2445"]
[BlackElo "2544"]
[Annotator "TA"]
[PlyCount "72"]
[EventDate "2022.06.28"]
[EventType "swiss"]
[EventCountry "SRB"]
[SourceTitle "playchess.com"]
[Source "ChessBase"]
[SourceQuality "1"]

1. e4 c5 2. Nf3 Nc6 3. d4 cxd4 4. Nxd4 Qc7 5. Nc3 e6 6. Be3 a6 7. g4 h6 8. h4 Nf6 9. Nxc6 Qxc6 10. Qf3 b5 11. Bg2 Bb7 12. g5 b4 13. gxf6 bxc3 14. fxg7 Bxg7 15. b3 Qd6 16. Rd1 Qc7 17. Rh3 Be5 18. Bd4 Rg8 19. Kf1 Rc8 20. Bxe5 Qxe5 21. Rd3 Ke7 22. Rxc3 f5 23. Rxc8 Qa1+ 24. Ke2 Rxc8 25. Qd3 Qxa2 26. Kd2 Qa5+ 27. Kd1 Qe5 28. Qd2 Bxe4 29. Bxe4 Qxe4 30. Rd3 Qh1+ 31. Ke2 Qxh4 32. Rxd7+ Kf6 33. Qd6 Qe4+ 34. Kd1 Qxc2+ 35. Ke1 Qe4+ 36. Kd1 Qb1+ 0-1

[Event "2nd Serbia Open Masters 2022"]
[Site "Novi Sad"]
[Date "2022.07.06"]
[Round "9.16"]
[White "Erdogmus, Yagiz Kaan"]
[Black "Muradli, Mahammad"]
[Result "0-1"]
[WhiteElo "2383"]
[BlackElo "2539"]
[Annotator "TA"]
[PlyCount "83"]
[EventDate "2022.06.28"]
[EventType "swiss"]
[EventCountry "SRB"]
[SourceTitle "playchess.com"]
[Source "ChessBase"]
[SourceQuality "1"]

1. e4 c5 2. Nf3 d6 3. d4 cxd4 4. Nxd4 Nf6 5. Nc3 Nc6 6. Bg5 e6 7. Qd3 Bd7 8. O-O-O a6 9. f4 Be7 10. Nf3 Qa5 11. e5 Nb4 12. Qd4 dxe5 13. Nxe5 Rd8 14. Bxf6 Bxf6 15. Ne4 Bxe5 16. Qxe5 Qxe5 17. fxe5 Ke7 18. Nd6 Bc6 19. Rd4 Nd5 20. c4 Ne3 21. Kd2 Nf5 22. Nxf5+ exf5 23. Rxd8 Rxd8+ 24. Ke1 Ke6 25. Be2 Kxe5 26. Rf1 f4 27. Rf2 f5 28. b4 Be4 29. Bf1 g5 30. a4 g4 31. Rb2 h5 32. a5 h4 33. b5 f3 34. gxf3 Bxf3 35. Be2 Be4 36. bxa6 bxa6 37. c5 g3 38. hxg3 hxg3 39. Rb6 f4 40. c6 f3 41. Bxa6 g2 42. Rb5+ 0-1

[Event "2nd Serbia Open Masters 2022"]
[Site "Novi Sad"]
[Date "2022.07.06"]
[Round "9.17"]
[White "Harshavardhan G B"]
[Black "Karthik Venkataraman"]
[Result "1/2-1/2"]
[WhiteElo "2367"]
[BlackElo "2480"]
[Annotator "TA"]
[PlyCount "169"]
[EventDate "2022.06.28"]
[EventType "swiss"]
[EventCountry "SRB"]
[SourceTitle "playchess.com"]
[Source "ChessBase"]
[SourceQuality "1"]

1. e4 c5 2. Nf3 d6 3. d4 cxd4 4. Nxd4 Nf6 5. Nc3 a6 6. Bg5 e6 7. f4 h6 8. Bh4 Nbd7 9. Qe2 e5 10. Nf5 exf4 11. O-O-O g5 12. Bf2 Ne5 13. h4 Rg8 14. hxg5 hxg5 15. Na4 Be6 16. Nb6 Rb8 17. Bc5 Bxf5 18. exf5 Qc7 19. Bd4 Bg7 20. Qe1 Kf8 21. Bxe5 dxe5 22. Qa5 Qe7 23. Bc4 Rh8 24. Rhe1 e4 25. Rd4 e3 26. Red1 Re8 27. c3 e2 28. Re1 f3 29. gxf3 Rh2 30. Rd2 Qe3 31. Nd5 Qxf3 32. Qc5+ Kg8 33. Ne7+ Kh7 34. Rdxe2 Rxe2 35. Rxe2 Bf8 36. Qc7 Kg7 37. Ng6 Qf1+ 38. Kd2 Rxe2+ 39. Bxe2 Qxf5 40. Nxf8 Qd5+ 41. Kc2 Kxf8 42. Bc4 Qe4+ 43. Kb3 Qe7 44. Qb8+ Kg7 45. a4 Nd7 46. Qh2 Nb6 47. Bd3 Qe6+ 48. Kc2 Nd7 49. Qg2 Qe3 50. b4 Ne5 51. Be2 Ng6 52. Bc4 Qe7 53. Bd3 Nf4 54. Qe4 Qd6 55. Qh7+ Kf8 56. Qh8+ Ke7 57. Be4 b6 58. Qa8 Qe6 59. Kb2 g4 60. Qb7+ Kf6 61. Bc2 Kg5 62. Be4 g3 63. b5 axb5 64. axb5 Qe5 65. Qc6 f5 66. Bf3 Qe3 67. Kb3 Nd3 68. Bd5 Qf2 69. Qc7 Nc5+ 70. Ka3 Ne4 71. Bxe4 fxe4 72. Qe5+ Kh6 73. Qe6+ Kg7 74. Qe7+ Kg8 75. Qe6+ Kf8 76. Qh6+ Ke7 77. Qg7+ Ke6 78. Qg6+ Kd5 79. Qg8+ Kc5 80. Qe6 Kxb5 81. c4+ Ka5 82. Qxe4 Qc5+ 83. Kb3 Qb4+ 84. Ka2 Qd6 85. Qa8+ 1/2-1/2

[Event "2nd Serbia Open Masters 2022"]
[Site "Novi Sad"]
[Date "2022.07.06"]
[Round "9.18"]
[White "Arjun Kalyan"]
[Black "Srbis, Jurica"]
[Result "1-0"]
[WhiteElo "2477"]
[BlackElo "2451"]
[Annotator "TA"]
[PlyCount "221"]
[EventDate "2022.06.28"]
[EventType "swiss"]
[EventCountry "SRB"]
[SourceTitle "playchess.com"]
[Source "ChessBase"]
[SourceQuality "1"]

1. e4 e5 2. Nf3 Nc6 3. Bc4 Bc5 4. O-O Nf6 5. d3 d6 6. c3 a5 7. Re1 h6 8. h3 O-O 9. Bb5 Bd7 10. Nbd2 Qb8 11. Nf1 Qa7 12. Be3 Bxe3 13. Rxe3 Qb6 14. a4 Ne7 15. Bxd7 Nxd7 16. d4 Rad8 17. Qc2 exd4 18. cxd4 Nc6 19. Rd1 d5 20. e5 Nb4 21. Qb1 c5 22. Ng3 cxd4 23. Nxd4 Nc5 24. Ngf5 Ne4 25. f3 Nc5 26. Kh1 Rfe8 27. Ree1 Qg6 28. e6 Qf6 29. exf7+ Kxf7 30. Re3 Rxe3 31. Nxe3 Re8 32. Ng4 Qg6 33. Qc1 Nbd3 34. Qd2 h5 35. Nf2 Nxf2+ 36. Qxf2 Nxa4 37. Qd2 b6 38. Nb5 Kg8 39. Nc7 Rf8 40. Nxd5 Kh8 41. Re1 Rd8 42. Re5 Nc5 43. Qg5 Qxg5 44. Rxg5 h4 45. Nxb6 Nd3 46. Rxa5 g6 47. Ra4 g5 48. Ra5 Rg8 49. Nc4 Kh7 50. Rd5 Nf4 51. Rd7+ Kh6 52. Rd6+ Kh7 53. Nd2 Rb8 54. b3 Rb5 55. Ne4 Kg7 56. Rc6 Nd3 57. Rc3 Nf4 58. Rc5 Rxb3 59. Rxg5+ Kh6 60. Rg4 Ng6 61. Kg1 Rb1+ 62. Kf2 Rb2+ 63. Ke3 Rb3+ 64. Kd4 Rb4+ 65. Kc3 Ra4 66. Kb3 Rd4 67. Kc2 Ra4 68. Kd2 Ra2+ 69. Ke3 Ra3+ 70. Kf2 Ra2+ 71. Kg1 Ra1+ 72. Kh2 Rd1 73. Nc3 Rc1 74. Nd5 Re1 75. Re4 Rd1 76. Ne3 Ra1 77. f4 Kh5 78. f5 Nf8 79. Nd5 Rf1 80. Rg4 Rxf5 81. Nf4+ Kh6 82. Rxh4+ Kg5 83. Rg4+ Kh6 84. Kg3 Ra5 85. Rh4+ Kg7 86. Rg4+ Kh6 87. Rh4+ Kg7 88. Rh5 Ra3+ 89. Kh2 Nh7 90. Rf5 Kh6 91. h4 Ra6 92. Rh5+ Kg7 93. Re5 Ra4 94. g3 Kf7 95. Rf5+ Kg7 96. Kh3 Ra1 97. Rd5 Rh1+ 98. Kg2 Ra1 99. Rd7+ Kg8 100. Nd5 Kh8 101. Kf3 Rf1+ 102. Ke4 Nf8 103. Rd8 Kg7 104. Nf4 Rg1 105. Kf3 Nh7 106. Ne6+ Kg6 107. Kf2 Ra1 108. Nf8+ Nxf8 109. Rxf8 Ra2+ 110. Kf3 Ra3+ 111. Kg4 1-0

[Event "2nd Serbia Open Masters 2022"]
[Site "Novi Sad"]
[Date "2022.07.06"]
[Round "9.19"]
[White "Tsolakidou, Stavroula"]
[Black "Chanda, Sandipan"]
[Result "1-0"]
[WhiteElo "2358"]
[BlackElo "2467"]
[Annotator "TA"]
[PlyCount "103"]
[EventDate "2022.06.28"]
[EventType "swiss"]
[EventCountry "SRB"]
[SourceTitle "playchess.com"]
[Source "ChessBase"]
[SourceQuality "1"]

1. e4 c5 2. Nf3 d6 3. d4 cxd4 4. Nxd4 Nf6 5. Nc3 a6 6. h3 e6 7. g4 Nfd7 8. Be3 b5 9. a3 Bb7 10. g5 Be7 11. h4 Nc6 12. Qd2 O-O 13. O-O-O Rb8 14. f3 b4 15. Nxc6 Bxc6 16. axb4 Rxb4 17. Nd5 Ra4 18. Nxe7+ Qxe7 19. b3 Ra1+ 20. Kb2 Rxd1 21. Qxd1 a5 22. Qd2 d5 23. Qc3 Qd6 24. exd5 Bxd5 25. Bb5 Rb8 26. Bxd7 Qxd7 27. Qe5 Qd8 28. Bd4 Qf8 29. Ra1 Rb5 30. f4 Bc6 31. Qc7 Qa8 32. Bc3 Be4 33. Rxa5 Rxa5 34. Bxa5 h5 35. Bc3 Bf5 36. Qe5 Qf8 37. b4 f6 38. gxf6 Qxf6 39. Qxf6 gxf6 40. Bxf6 Kf7 41. Bg5 e5 42. fxe5 Ke6 43. c4 Kxe5 44. Kc3 Bh3 45. b5 Bf1 46. Kb4 Ke6 47. c5 Kd5 48. c6 Bh3 49. Ka5 Kc5 50. Be3+ Kd6 51. Kb6 Bg4 52. Bf4+ 1-0

[Event "2nd Serbia Open Masters 2022"]
[Site "Novi Sad"]
[Date "2022.07.06"]
[Round "9.20"]
[White "Sanal, Vahap"]
[Black "Muthaiah AL"]
[Result "1-0"]
[WhiteElo "2575"]
[BlackElo "2401"]
[Annotator "TA"]
[PlyCount "61"]
[EventDate "2022.06.28"]
[EventType "swiss"]
[EventCountry "SRB"]
[SourceTitle "playchess.com"]
[Source "ChessBase"]
[SourceQuality "1"]

1. e4 c6 2. d4 d5 3. Nc3 dxe4 4. Nxe4 Nf6 5. Nxf6+ exf6 6. c3 Bd6 7. Bd3 O-O 8. Qc2 Re8+ 9. Ne2 h5 10. O-O h4 11. h3 Nd7 12. Bd2 Nf8 13. Rae1 Be6 14. f4 Qc7 15. c4 c5 16. Nc3 Bd7 17. Nd5 Qd8 18. b4 Rxe1 19. Rxe1 cxb4 20. c5 Be6 21. cxd6 Bxd5 22. Qc5 Bxa2 23. Qxb4 Bd5 24. Qc5 Be6 25. f5 Rc8 26. fxe6 Rxc5 27. e7 Qxd6 28. dxc5 Qxd3 29. Bc1 Qd4+ 30. Kh1 Qxc5 31. e8=Q 1-0

[Event "2nd Serbia Open Masters 2022"]
[Site "Novi Sad"]
[Date "2022.07.06"]
[Round "9.21"]
[White "Damjanovic, Vuk"]
[Black "Mendonca, Leon Luke"]
[Result "0-1"]
[WhiteElo "2393"]
[BlackElo "2551"]
[Annotator "TA"]
[PlyCount "99"]
[EventDate "2022.06.28"]
[EventType "swiss"]
[EventCountry "SRB"]
[SourceTitle "playchess.com"]
[Source "ChessBase"]
[SourceQuality "1"]

1. d4 d5 2. c4 e6 3. Nc3 c6 4. cxd5 exd5 5. Bf4 Bd6 6. Bxd6 Qxd6 7. e3 Ne7 8. Qb3 O-O 9. Bd3 Nd7 10. Nf3 Nf6 11. O-O Rb8 12. h3 Bf5 13. Ne5 Nd7 14. Qc2 Nxe5 15. Bxf5 Nxf5 16. Qxf5 Nc4 17. b3 Nb6 18. Ne2 Rfe8 19. Qf4 Qe7 20. Nc1 Rbd8 21. Nd3 Nc8 22. a4 a6 23. Nc5 Nd6 24. Rac1 h6 25. Rfe1 g5 26. Qg3 Qf6 27. a5 Re7 28. h4 Rde8 29. hxg5 hxg5 30. Nd3 Kg7 31. Ne5 Ne4 32. Qf3 Qe6 33. Rc2 f6 34. Nd3 Rh8 35. Nc5 Qc8 36. Kf1 Qc7 37. b4 Rh4 38. g3 Rh8 39. Ke2 Kg6 40. g4 Nxc5 41. Rxc5 Qd7 42. Qg3 Rh4 43. Rg1 Re4 44. f3 Re8 45. Rg2 Rh1 46. Rg1 Qe7 47. Rxh1 Qxe3+ 48. Kd1 Qxd4+ 49. Kc1 Re2 50. Rh6+ 0-1

[Event "2nd Serbia Open Masters 2022"]
[Site "Novi Sad"]
[Date "2022.07.06"]
[Round "9.22"]
[White "Ferreira, Jorge Viterbo"]
[Black "Tania, Sachdev"]
[Result "1/2-1/2"]
[WhiteElo "2512"]
[BlackElo "2399"]
[Annotator "TA"]
[PlyCount "107"]
[EventDate "2022.06.28"]
[EventType "swiss"]
[EventCountry "SRB"]
[SourceTitle "playchess.com"]
[Source "ChessBase"]
[SourceQuality "1"]

1. e4 e5 2. Nf3 Nc6 3. Nc3 Nf6 4. Bb5 Bb4 5. O-O O-O 6. Bxc6 dxc6 7. d3 Re8 8. Ne2 Nd7 9. Bg5 Be7 10. Bxe7 Qxe7 11. Qd2 c5 12. b3 Nf8 13. h3 b6 14. a4 Bb7 15. Nh2 Rad8 16. Qe3 Ne6 17. Ng4 Nd4 18. Nxd4 cxd4 19. Qg3 Bc8 20. f4 Bxg4 21. Qxg4 exf4 22. Rxf4 c5 23. Raf1 Rf8 24. Rf5 Rd6 25. Qf3 g6 26. Qg3 Re6 27. R5f3 a6 28. h4 Re5 29. Rf6 Re6 30. Qf4 h5 31. Qf2 Rxf6 32. Qxf6 Qe6 33. Qg5 Kg7 34. a5 f6 35. Qg3 bxa5 36. Qc7+ Rf7 37. Qxc5 Qe5 38. Qb6 Rd7 39. Qxa6 Rc7 40. Rf2 f5 41. Qa8 fxe4 42. dxe4 Rf7 43. Rxf7+ Kxf7 44. Qc6 Qg3 45. Qc4+ Ke7 46. Qc5+ Kf7 47. Qd5+ Ke7 48. Qb7+ Ke6 49. Qa6+ Ke7 50. Qb7+ Ke6 51. Qc8+ Ke7 52. Qc5+ Ke6 53. Qd5+ Ke7 54. Qc5+ 1/2-1/2

[Event "2nd Serbia Open Masters 2022"]
[Site "Novi Sad"]
[Date "2022.07.06"]
[Round "9.23"]
[White "Makhnev, Denis"]
[Black "Injac, Teodora"]
[Result "1-0"]
[WhiteElo "2505"]
[BlackElo "2384"]
[Annotator "TA"]
[PlyCount "143"]
[EventDate "2022.06.28"]
[EventType "swiss"]
[EventCountry "SRB"]
[SourceTitle "playchess.com"]
[Source "ChessBase"]
[SourceQuality "1"]

1. c4 e5 2. Nc3 Bb4 3. Nd5 Bc5 4. e3 Nf6 5. b4 Be7 6. Nxe7 Qxe7 7. Bb2 O-O 8. a3 d6 9. Ne2 a5 10. Nc3 axb4 11. axb4 Bg4 12. f3 Rxa1 13. Bxa1 Bf5 14. Be2 Na6 15. b5 Nc5 16. O-O Bd3 17. Bxd3 Nxd3 18. Qc2 Nc5 19. Ne2 Ra8 20. d4 exd4 21. Bxd4 Nfd7 22. e4 Nb6 23. Nc3 c6 24. bxc6 bxc6 25. Nd1 Ra4 26. Ne3 Qa7 27. Nf5 Ne6 28. Be3 Ra3 29. Qf2 c5 30. Nxd6 Qa4 31. Qb2 Rb3 32. Qc1 Rd3 33. e5 Qb3 34. Bf2 h6 35. Qb1 Qxb1 36. Rxb1 Nd7 37. Bg3 f6 38. exf6 Nxf6 39. Nf5 Kh7 40. Rb7 Rd7 41. Rxd7 Nxd7 42. Kf2 Nb6 43. Nd6 Kg6 44. Be5 Nd8 45. f4 Nc6 46. Ke3 Ne7 47. Ke4 h5 48. f5+ Kh7 49. Bf4 Nd7 50. Bg5 Nc6 51. Kd5 Nd4 52. Ne4 Nb3 53. Bd8 Kg8 54. Kd6 Nf8 55. Be7 Nd4 56. Bxf8 Kxf8 57. f6 Nc2 58. fxg7+ Kxg7 59. Kxc5 h4 60. Kd6 Kf7 61. c5 Ke8 62. c6 Kd8 63. Kc5 Ne3 64. Nf6 Kc8 65. Nd5 Nf5 66. Kb6 Nd6 67. g4 hxg3 68. hxg3 Kd8 69. g4 Ne4 70. c7+ Kd7 71. Nf6+ Nxf6 72. Kb7 1-0

[Event "2nd Serbia Open Masters 2022"]
[Site "Novi Sad"]
[Date "2022.07.06"]
[Round "9.24"]
[White "Padmini, Rout"]
[Black "Greenfeld, Alon"]
[Result "0-1"]
[WhiteElo "2348"]
[BlackElo "2503"]
[Annotator "TA"]
[PlyCount "106"]
[EventDate "2022.06.28"]
[EventType "swiss"]
[EventCountry "SRB"]
[SourceTitle "playchess.com"]
[Source "ChessBase"]
[SourceQuality "1"]

1. e4 c5 2. Nf3 d6 3. d4 cxd4 4. Nxd4 Nf6 5. Nc3 Nc6 6. f3 e5 7. Nb3 Be7 8. Be3 Be6 9. Nd5 Bxd5 10. exd5 Nb4 11. c4 a5 12. Qd2 b6 13. Be2 O-O 14. O-O Na6 15. Nc1 Nc5 16. Bd1 Nfd7 17. Ne2 f5 18. Bc2 f4 19. Bf2 Bh4 20. Nc3 Qg5 21. b3 Bxf2+ 22. Qxf2 Nf6 23. a3 e4 24. Nxe4 Nfxe4 25. Bxe4 Nxb3 26. Rab1 a4 27. Bc2 Rfc8 28. Bxb3 axb3 29. Qxb6 Rxc4 30. Qxd6 Rc2 31. Rf2 Re8 32. Rbf1 Qf5 33. Rxc2 bxc2 34. Qb4 Qxd5 35. Qxf4 Qc5+ 36. Kh1 Rd8 37. h3 Qb5 38. Rc1 Rd1+ 39. Kh2 Rxc1 40. Qxc1 Qd3 41. a4 h5 42. Qf4 Qc3 43. Qc1 Qe5+ 44. f4 Qe2 45. a5 Qd1 46. Qe3 c1=Q 47. Qe6+ Kh8 48. Qe8+ Kh7 49. Qe4+ Kh6 50. Qe6+ g6 51. Qf6 Qg1+ 52. Kg3 Qce1+ 53. Kf3 Qgf2# 0-1

[Event "2nd Serbia Open Masters 2022"]
[Site "Novi Sad"]
[Date "2022.07.06"]
[Round "9.25"]
[White "Song, Raymond"]
[Black "Ohanyan, Emin"]
[Result "0-1"]
[WhiteElo "2485"]
[BlackElo "2366"]
[Annotator "TA"]
[PlyCount "76"]
[EventDate "2022.06.28"]
[EventType "swiss"]
[EventCountry "SRB"]
[SourceTitle "playchess.com"]
[Source "ChessBase"]
[SourceQuality "1"]

1. e4 c5 2. Nf3 e6 3. d4 cxd4 4. Nxd4 Nc6 5. Nc3 Qc7 6. Be2 a6 7. Nxc6 bxc6 8. Qd3 d5 9. Qg3 Qxg3 10. hxg3 Nf6 11. g4 Bb4 12. Bd2 d4 13. Nb1 Rb8 14. c3 Bc5 15. b4 Bd6 16. f3 dxc3 17. Nxc3 Rxb4 18. Kd1 e5 19. Kc2 Nd7 20. Rab1 Rxb1 21. Rxb1 Nc5 22. Be3 Kd7 23. Rb4 Nd3 24. Rb1 Nf4 25. Bf1 h5 26. gxh5 Rxh5 27. Na4 Ke7 28. Nb6 Be6 29. Rd1 Bb4 30. a4 a5 31. Bf2 Rh2 32. Bg3 Rh1 33. Bf2 Rh2 34. Bg3 Rh1 35. Bf2 f6 36. Na8 Nxg2 37. Bxg2 Bb3+ 38. Kxb3 Rxd1 0-1

[Event "2nd Serbia Open Masters 2022"]
[Site "Novi Sad"]
[Date "2022.07.06"]
[Round "9.26"]
[White "Pranav Vijay"]
[Black "Shahil Dey"]
[Result "1/2-1/2"]
[WhiteElo "2265"]
[BlackElo "2369"]
[Annotator "TA"]
[PlyCount "74"]
[EventDate "2022.06.28"]
[EventType "swiss"]
[EventCountry "SRB"]
[SourceTitle "playchess.com"]
[Source "ChessBase"]
[SourceQuality "1"]

1. e4 c5 2. Nf3 e6 3. d4 cxd4 4. Nxd4 a6 5. Nc3 d6 6. Be2 Nf6 7. a4 Be7 8. O-O O-O 9. f4 Nbd7 10. Nb3 b6 11. Bf3 Bb7 12. g4 h6 13. Be3 Qc7 14. Qe2 d5 15. e5 Ne4 16. Bxe4 dxe4 17. Qg2 f6 18. Qh3 fxe5 19. g5 Nc5 20. gxh6 Nxb3 21. cxb3 Bc5 22. fxe5 Qxe5 23. hxg7 Qxg7+ 24. Kh1 Bxe3 25. Qxe3 Kh7 26. Rg1 Qh6 27. Rg3 Qxe3 28. Rxe3 Rf3 29. Rae1 Rd8 30. Kg1 Rg8+ 31. Kh1 a5 32. Nb1 Rd8 33. Nc3 Rg8 34. Nb1 Rf2 35. Nc3 Rxb2 36. Rh3+ Kg7 37. Rhe3 Rf2 1/2-1/2

[Event "2nd Serbia Open Masters 2022"]
[Site "Novi Sad"]
[Date "2022.07.06"]
[Round "9.27"]
[White "Bronstein, Or"]
[Black "Aizenberg, Benny"]
[Result "0-1"]
[WhiteElo "2492"]
[BlackElo "2370"]
[Annotator "TA"]
[PlyCount "80"]
[EventDate "2022.06.28"]
[EventType "swiss"]
[EventCountry "SRB"]
[SourceTitle "playchess.com"]
[Source "ChessBase"]
[SourceQuality "1"]

1. d4 f5 2. Nf3 Nf6 3. g3 g6 4. Bg2 Bg7 5. O-O O-O 6. Nbd2 d6 7. c3 Qe8 8. Re1 e5 9. e4 Nc6 10. b4 fxe4 11. Nxe4 Nxe4 12. Rxe4 Bf5 13. Re3 a6 14. dxe5 dxe5 15. Ng5 Rd8 16. Qb3+ Kh8 17. Bd5 Rd7 18. Ba3 h6 19. Ne4 Ne7 20. Bxb7 Qb8 21. Nc5 Rd2 22. Rf3 c6 23. Bxa6 Bc2 24. Rd3 Bxb3 25. Rxd2 Bd5 26. c4 Bf3 27. b5 e4 28. Nd7 Qd8 29. Rb1 cxb5 30. Rxb5 Re8 31. Bc5 Nc6 32. Rd6 Qg5 33. Be3 Qg4 34. Kf1 Qh3+ 35. Ke1 Qxh2 36. Kd2 Qg1 37. Kc2 Qa1 38. Bc1 Nd4+ 39. Rxd4 Qxd4 40. Rd5 Bd1+ 0-1

[Event "2nd Serbia Open Masters 2022"]
[Site "Novi Sad"]
[Date "2022.07.06"]
[Round "9.28"]
[White "Parkhov, Yair"]
[Black "Kushagra Mohan"]
[Result "1/2-1/2"]
[WhiteElo "2460"]
[BlackElo "2343"]
[Annotator "TA"]
[PlyCount "149"]
[EventDate "2022.06.28"]
[EventType "swiss"]
[EventCountry "SRB"]
[SourceTitle "playchess.com"]
[Source "ChessBase"]
[SourceQuality "1"]

1. d4 f5 2. Nf3 Nf6 3. g3 g6 4. Bg2 Bg7 5. O-O O-O 6. Nbd2 Nc6 7. c3 d6 8. b4 Qe8 9. Qb3+ Kh8 10. d5 Nd8 11. Bb2 e5 12. dxe6 Nxe6 13. c4 Bd7 14. e3 Bc6 15. a4 a5 16. b5 Bd7 17. Qc2 b6 18. Nd4 Rc8 19. Nxe6 Bxe6 20. Bd4 Qf7 21. Rac1 Rce8 22. Qc3 Nd7 23. Nb3 Ne5 24. Nd2 Bc8 25. Bd5 Qe7 26. Rfe1 g5 27. f4 Nd7 28. Nb3 h6 29. Bc6 Nf6 30. Nd2 Bd7 31. Bf3 Qf7 32. Re2 Re7 33. Rce1 Rfe8 34. Rf2 gxf4 35. gxf4 Nh5 36. Rg2 Bxd4 37. Qxd4+ Qf6 38. Qxf6+ Nxf6 39. Kf2 Rg7 40. Rxg7 Kxg7 41. e4 Bc8 42. Re3 Nd7 43. exf5 Rxe3 44. Kxe3 Nc5 45. f6+ Kf7 46. Bd1 Bf5 47. Nb3 Kxf6 48. Nxc5 bxc5 49. Kd2 Be6 50. Be2 Kf5 51. Ke3 Bf7 52. h3 Kf6 53. Bd3 Be6 54. h4 Bg4 55. Be2 Bh3 56. Bd3 Be6 57. Ke4 Bc8 58. Ke3 Ke7 59. Be4 Be6 60. Bd3 Kd7 61. Kd2 Bg4 62. Be2 Bh3 63. Bd3 Bg2 64. Ke3 d5 65. cxd5 Bxd5 66. Bc2 Ke6 67. Bh7 Kd6 68. Bc2 Ba2 69. Kd3 Bf7 70. Kc3 Bh5 71. Bb3 Ke7 72. Kc4 Bf7+ 73. Kc3 Be8 74. Bc2 Kd7 75. Bb3 1/2-1/2

[Event "2nd Serbia Open Masters 2022"]
[Site "Novi Sad"]
[Date "2022.07.06"]
[Round "9.29"]
[White "Souhardo Basak"]
[Black "Rozen, Eytan"]
[Result "1/2-1/2"]
[WhiteElo "2357"]
[BlackElo "2425"]
[Annotator "TA"]
[PlyCount "135"]
[EventDate "2022.06.28"]
[EventType "swiss"]
[EventCountry "SRB"]
[SourceTitle "playchess.com"]
[Source "ChessBase"]
[SourceQuality "1"]

1. e4 c5 2. Nf3 d6 3. d4 cxd4 4. Nxd4 Nf6 5. Nc3 g6 6. Be3 Bg7 7. f3 O-O 8. Qd2 Nc6 9. g4 Be6 10. Nxe6 fxe6 11. O-O-O Ne5 12. Be2 Qc8 13. h4 Nfd7 14. f4 Nc4 15. Bxc4 Qxc4 16. e5 Rfd8 17. Qd3 Nb6 18. Bxb6 Qxd3 19. cxd3 axb6 20. d4 Rac8 21. Kc2 Rf8 22. Rhf1 h5 23. gxh5 gxh5 24. Kd3 Bh6 25. Ne2 Kh7 26. Rc1 Rc6 27. Rc3 b5 28. Rfc1 Rfc8 29. a3 Kg6 30. Ke4 Kf7 31. Rxc6 bxc6 32. b3 Ra8 33. Ra1 Rb8 34. Nc1 Rg8 35. Ne2 Rg2 36. Kf3 Rh2 37. a4 Rh3+ 38. Kf2 Rh2+ 39. Ke3 Rh3+ 40. Kd2 bxa4 41. bxa4 dxe5 42. dxe5 Rxh4 43. Ke3 Rh3+ 44. Kd4 Rh2 45. Nc3 Rd2+ 46. Ke3 Rd8 47. a5 h4 48. a6 Ra8 49. Ne2 h3 50. Kf3 Kg6 51. a7 h2 52. Kg2 c5 53. Kxh2 Kf5 54. Kg2 Bxf4 55. Rf1 Rxa7 56. Nxf4 Kxe5 57. Kg3 Ra3+ 58. Rf3 Rxf3+ 59. Kxf3 c4 60. Ke3 Kf5 61. Ne2 e5 62. Nc3 Ke6 63. Ke4 Kd6 64. Kf5 Kc5 65. Kxe5 Kb4 66. Ne4 c3 67. Nxc3 e6 68. Kxe6 1/2-1/2

[Event "2nd Serbia Open Masters 2022"]
[Site "Novi Sad"]
[Date "2022.07.06"]
[Round "9.30"]
[White "Tyurin, Artem"]
[Black "Badelka, Olga"]
[Result "0-1"]
[WhiteElo "2174"]
[BlackElo "2453"]
[Annotator "TA"]
[PlyCount "132"]
[EventDate "2022.06.28"]
[EventType "swiss"]
[EventCountry "SRB"]
[SourceTitle "playchess.com"]
[Source "ChessBase"]
[SourceQuality "1"]

1. c4 e6 2. Nc3 d5 3. d4 Nf6 4. cxd5 exd5 5. Bg5 Be7 6. e3 O-O 7. Bd3 c6 8. Qc2 Nbd7 9. Nge2 Re8 10. O-O Nf8 11. f3 h6 12. Bh4 Ne6 13. Bf2 b5 14. Rad1 Bd7 15. h3 b4 16. Na4 Nh5 17. Bf5 Ng5 18. Nc5 Bxf5 19. Qxf5 g6 20. Qc2 Qc8 21. Ng3 Nxg3 22. Bxg3 Bxc5 23. dxc5 Rxe3 24. h4 Ne6 25. Qd2 d4 26. Bf2 Re5 27. Qxb4 Rd5 28. Qd2 Nxc5 29. Qxh6 Ne6 30. Rfe1 c5 31. Re4 Qf8 32. Qd2 Rad8 33. b3 Qd6 34. Rde1 Rf5 35. Rg4 Re5 36. Rd1 Qa6 37. Re1 Rxe1+ 38. Bxe1 Rd5 39. Re4 Qd6 40. Bf2 d3 41. Be3 Kh7 42. Bf2 Ng7 43. Be3 Nf5 44. Bf2 Qf6 45. Kh2 Nd6 46. Re1 c4 47. bxc4 Nxc4 48. Qb4 d2 49. Qxc4 Qd6+ 50. f4 dxe1=Q 51. Bxe1 Rf5 52. g3 Qe6 53. Qxe6 fxe6 54. Bb4 e5 55. fxe5 Rf2+ 56. Kh3 Rxa2 57. e6 Re2 58. e7 Kg8 59. Kg4 Kf7 60. Kg5 a5 61. Ba3 a4 62. g4 Re3 63. Bb4 a3 64. e8=Q+ Kxe8 65. Bxa3 Rxa3 66. Kxg6 Kf8 0-1

[Event "2nd Serbia Open Masters 2022"]
[Site "Novi Sad"]
[Date "2022.07.06"]
[Round "9.31"]
[White "Chitlange Sakshi"]
[Black "Spyropoulos, Nikolaos"]
[Result "1-0"]
[WhiteElo "2216"]
[BlackElo "2445"]
[Annotator "TA"]
[PlyCount "103"]
[EventDate "2022.06.28"]
[EventType "swiss"]
[EventCountry "SRB"]
[SourceTitle "playchess.com"]
[Source "ChessBase"]
[SourceQuality "1"]

1. d4 Nf6 2. Bf4 d6 3. Nc3 Nbd7 4. Nf3 c5 5. d5 Qa5 6. Nd2 b5 7. a3 g6 8. e4 a6 9. Be2 Bg7 10. O-O O-O 11. a4 b4 12. Ncb1 Qc7 13. c3 Rb8 14. Qc2 Kh8 15. Nc4 Ne5 16. Nbd2 bxc3 17. bxc3 Nh5 18. Bxh5 gxh5 19. Nxe5 dxe5 20. Be3 Rb6 21. Kh1 Rg6 22. f4 exf4 23. Bxf4 Qd8 24. Nf3 Rg4 25. Qd2 c4 26. h3 Rg6 27. Rab1 Bd7 28. Rb4 Qc8 29. Nh4 Rf6 30. e5 Rf5 31. Nxf5 Bxf5 32. Qe3 Bd3 33. Rf2 Qd7 34. Qd4 Rd8 35. Rfb2 h6 36. Rb8 Rxb8 37. Rxb8+ Kh7 38. Rb4 Qf5 39. Kg1 a5 40. Rb6 h4 41. Qe3 Bc2 42. Rb5 Bxa4 43. Rxa5 Qb1+ 44. Kh2 Qc2 45. Ra7 Bf8 46. Ra6 Bg7 47. Bxh6 Bh8 48. Bg5 Qf5 49. Rxa4 Bxe5+ 50. Kh1 Kg6 51. Bxh4 Bf4 52. Qxe7 1-0

[Event "2nd Serbia Open Masters 2022"]
[Site "Novi Sad"]
[Date "2022.07.06"]
[Round "9.32"]
[White "Shyaamnikhil P"]
[Black "Alexiadis, Hristos"]
[Result "1-0"]
[WhiteElo "2443"]
[BlackElo "2291"]
[Annotator "TA"]
[PlyCount "99"]
[EventDate "2022.06.28"]
[EventType "swiss"]
[EventCountry "SRB"]
[SourceTitle "playchess.com"]
[Source "ChessBase"]
[SourceQuality "1"]

1. Nf3 Nf6 2. g3 d5 3. Bg2 c6 4. d3 Bg4 5. Nbd2 Nbd7 6. h3 Bh5 7. O-O e5 8. e4 dxe4 9. dxe4 Be7 10. Qe1 O-O 11. Nh4 Re8 12. Nf5 Bf8 13. Nb3 a5 14. a4 Nc5 15. Nxc5 Bxc5 16. Be3 Bb4 17. c3 Bf8 18. f3 Qc7 19. Qf2 Nd7 20. Rfb1 b6 21. Bf1 Nc5 22. b4 axb4 23. cxb4 Nxa4 24. g4 Bg6 25. Qc2 b5 26. Bxb5 Nc5 27. Rxa8 Rxa8 28. bxc5 cxb5 29. Rxb5 Bxf5 30. gxf5 Ra1+ 31. Kg2 Qa7 32. Bf2 Qa6 33. Rb1 Ra2 34. Rb2 Ra1 35. c6 h5 36. c7 Qf1+ 37. Kg3 h4+ 38. Kxh4 Qg2 39. Bg3 Qxf3 40. c8=Q Kh7 41. Qxf8 Ra6 42. Qxg7+ Kxg7 43. Bxe5+ Kh7 44. f6 Qe3 45. Qe2 Qh6+ 46. Qh5 Qxh5+ 47. Kxh5 Ra5 48. Kg5 Rxe5+ 49. Kf4 Rh5 50. Rg2 1-0